000 00477nam a2200169Ia 4500
008 210719s1906 xx 000 0 und d
041 _aeng
082 _a954.02 LANM
100 _aLANE POOLE (Stanley)
245 _aMedieval India:under mohammedan rule A.D.712-1764 Ed II
250 _a2
260 _aLondon
_c1906
300 _a473
_bHB
650 _aHistory
650 _aIndian History
906 _aA.D.712-1764 ; Ed ; II ; India:under ; Medieval ; mohammedan ; rule
999 _c215974
_d215974